| 000 | 00506cam a2200193ua 4500 | ||
|---|---|---|---|
| 001 | 5392 | ||
| 008 | 150220n ii |||gr||||Z||||||asm | ||
| 020 | _a978-81-7213-137-1 | ||
| 040 | _cMAIN | ||
| 041 | _aasm | ||
| 082 | _a294.5 | ||
| 100 |
_aGogoi, Rashmirekha, _eEditor, |
||
| 245 |
_aSankardevar sristir alokrekha- Kalpataru _cby Rashmirekha Gogoi |
||
| 250 | _a1st. | ||
| 260 |
_aGuwahati: _bPurbanchal prakash, _c2011. |
||
| 300 |
_a279p: _c18cm. |
||
| 653 | _aReligions ofIndic origin | ||
| 942 | _cBK | ||
| 999 |
_c4573 _d4573 |
||